|
|
|
|
| LEADER |
00000nam a2200000 4500 |
| 008 |
180629b2013 ag a|||| |||| 00| | spa d |
| 999 |
|
|
|c 3527
|d 3527
|
| 020 |
|
|
|a 9789500009898
|
| 090 |
|
|
|a 06.03.07
|b 2459
|
| 100 |
|
|
|9 3852
|a Recalde, Santa
|
| 245 |
1 |
0 |
|a Cambio climático /
|c Santa Recalde, María Josefa Mandón, Pablo Torres, Marcelo Alejandro Diez
|
| 260 |
|
|
|a [Buenos Aires, Argentina] :
|b Ministerio de Educación de la Nación,
|c [2013]
|
| 300 |
|
|
|a 148 páginas;
|b ilustraciones
|
| 490 |
|
|
|a Escritura en ciencias,
|v 10
|
| 650 |
1 |
4 |
|9 996
|a ENSEÑANZA DE LAS CIENCIAS
|
| 700 |
|
|
|9 3853
|a Mandón, María Josefa
|
| 700 |
|
|
|9 3854
|a Torres, Pablo
|
| 700 |
|
|
|9 3813
|a Diez, Marcelo Alejandro
|
| 942 |
|
|
|i 004442
|h 06.03.07 2459
|2 z
|c 01
|